Przystanki linii autobusowej 111 Warszawa - Statystyki

Ogólne statystyki
  • Ten quiz został rozwiązany 27 razy
  • Średni wynik to 26 z 33
Statystyki odpowiedzi
Ulica NŻ? 1-kierunkowy? Odpowiedź % Poprawnych
Anielewicza Nie Nie Esperanto
95%
Anielewicza Nie Tak Esperanto
95%
Anielewicza Nie Nie Anielewicza
90%
Umińskiego Nie Tak Gocław
90%
Gen. Bora-Komorowskiego Nie Nie Gocław
90%
Al. Jerozolimskie Nie Nie Most Poniatowskiego
90%
Al. Jerozolimskie Nie Nie Muzeum Narodowe
90%
Gen. Abrahama, Umińskiego Nie Nie Umińskiego
90%
Saska Nie Nie Adampolska
85%
Brazylijska Nie Nie Brazylijska
85%
Nowy Świat Nie Nie Foksal
85%
Al. Ks. Poniatowskiego Nie Nie Rondo Waszyngtona
85%
Saska Nie Nie Saska
85%
Egipska, Gen. Bora-Komorowskiego Nie Nie Afrykańska
80%
Al. Jerozolimskie Tak Nie PKP Powiśle
80%
Pl. Bankowy Nie Nie Pl. Bankowy
80%
Pl. Piłsudskiego Nie Tak Pl. Piłsudskiego
80%
Zwycięzców, Międzynarodowa Nie Nie Zwycięzców
80%
Gen. Bora-Komorowskiego, Gen. Abrahama Nie Nie Abrahama
75%
Nowy Świat Nie Nie Ordynacka
75%
Anielewicza Nie Nie Smocza
75%
Saska, Zwycięzców Nie Nie Stacja Krwiodawstwa
75%
Krakowskie Przedmieście Nie Nie Uniwersytet
75%
Saska Nie Tak Ateńska
70%
Gen. Andersa Nie Nie Metro Ratusz-Arsenał
70%
Anielewicza Nie Tak Muranów
70%
Wierzbowa, Senatorska Nie Nie Pl. Teatralny
70%
Anielewicza Nie Nie Nalewki-Muzeum
65%
Umińskiego Nie Nie Os. Wilga
65%
Gen. Bora-Komorowskiego Nie Nie Wał Gocławski
65%
Gen. Abrahama Nie Nie Os. Orlik
60%
Nowolipki Nie Tak Zamenhofa
60%
Saska Nie Nie Walecznych
55%
Nie znaleziono quizów pasujących do podanych kryteriów
Rozkład punktacji
Procent ludzi z każdym wynikiem
Percentyl według liczby udzielonych odpowiedzi
Twoja historia wyników
Nie rozwiązałeś tego quizu